| 000 -LEADER | |
|---|---|
| fixed length control field | 00403nam a22001697a 4500 |
| 005 - DATE AND TIME OF LATEST TRANSACTION | |
| control field | 20250917115016.0 |
| 008 - FIXED-LENGTH DATA ELEMENTS--GENERAL INFORMATION | |
| fixed length control field | 250917b |||||||| |||| 00| 0 eng d |
| 020 ## - INTERNATIONAL STANDARD BOOK NUMBER | |
| ISBN | 978-93-90672-77-6 |
| 041 ## - LANGUAGE CODE | |
| Language code of text/sound track or separate title | eng |
| 100 ## - MAIN ENTRY--AUTHOR NAME | |
| Personal name | KAUR, DR. KULDEEP |
| 245 ## - TITLE STATEMENT | |
| Title | BANKING LAW |
| 250 ## - EDITION STATEMENT | |
| Edition statement | 2ND ED., 2022. |
| 260 ## - PUBLICATION, DISTRIBUTION, ETC. (IMPRINT) | |
| Place of publication | JAIPUR |
| Name of publisher | UNIVERSAL BOOK HOUSE PVT LTD |
| 300 ## - PHYSICAL DESCRIPTION | |
| Number of Pages | 294;P |
| 650 ## - SUBJECT ADDED ENTRY--TOPICAL TERM | |
| Topical Term | LAW |
| 942 ## - ADDED ENTRY ELEMENTS (KOHA) | |
| Koha item type | Books |
| Lost status | Damaged status | Collection code | Home library | Current library | Date acquired | Source of acquisition | Cost, normal purchase price | Accession Number | Koha item type |
|---|---|---|---|---|---|---|---|---|---|
| LAW | JRU Library | JRU Library | 17/09/2025 | SPECIMEN COPY | 350.00 | 0080/D | Books |